000 00286nam a22001337a 4500
008 170629b xxu||||| |||| 00| 0 eng d
020 _a9780205698820
041 _aeng
080 _211TH
_a82
100 _a22
101 _aGJL
245 _aLITERATURE
_cKENNEDY,X.J
942 _2udc
_cBK
999 _c19576
_d19576